[Event "Open International d'Ambès 2010"]
[Site "Ambes"]
[Date "2010.??.??"]
[Round "5.21"]
[White "Chansavang, Albain"]
[Black "Locatelli, Claude"]
[Result "1-0"]
[WhiteElo "1652"]
[BlackElo "1617"]
[PlyCount "81"]
[EventDate "2010.04.??"]
[EventType "swiss"]
[EventRounds "9"]
[EventCountry "FRA"]
[WhiteTeamCountry "FRA"]
[BlackTeamCountry "FRA"]

1. g3 Nf6 2. Bg2 d5 3. d4 g6 4. c3 Bg7 5. Bf4 O-O 6. Nf3 Nc6 7. O-O Re8 8. Re1
b6 9. Qc2 Bb7 10. Nbd2 Ne4 11. Nxe4 dxe4 12. Qxe4 Na5 13. Qc2 Nc4 14. e4 e5 15.
dxe5 Nxe5 16. Rad1 Nxf3+ 17. Bxf3 Qe7 18. Bg2 Rad8 19. Rd3 Rxd3 20. Qxd3 Rd8
21. Qe3 c5 22. Bg5 f6 23. Bh6 Bh8 24. h4 Re8 25. Qd3 Qf7 26. Bf4 Bg7 27. f3 Bc8
28. Kf2 Qxa2 29. Qd5+ Qxd5 30. exd5 Rxe1 31. Kxe1 c4 32. Bb8 a6 33. f4 Bb7 34.
d6 Bc8 35. Bc6 Kf7 36. d7 Bxd7 37. Bxd7 Ke7 38. Bc8 a5 39. Ba6 Kd7 40. Bxc4 Kc8
41. Bd6 1-0

[Event "LUCOPEN 01st Op"]
[Site "Lille"]
[Date "2010.??.??"]
[Round "4.42"]
[White "Chmielina, Maxence"]
[Black "Griffon, Olivier"]
[Result "0-1"]
[WhiteElo "1630"]
[BlackElo "1945"]
[PlyCount "57"]
[EventDate "2010.04.??"]
[EventType "swiss"]
[EventRounds "7"]
[EventCountry "FRA"]
[WhiteTeamCountry "FRA"]
[BlackTeamCountry "FRA"]

1. d4 Nf6 2. c4 g6 3. e3 Bg7 4. Nc3 d5 5. Nf3 O-O 6. Bd3 dxc4 7. Bxc4 c5 8. O-O
cxd4 9. Nxd4 Qc7 10. Qe2 a6 11. a3 Bg4 12. f3 Bc8 13. Bd2 Rd8 14. Rfd1 e5 15.
Nc2 Nc6 16. Be1 Rxd1 17. Rxd1 e4 18. Qf1 exf3 19. gxf3 b5 20. Be2 Be6 21. Nd4
Nxd4 22. Rxd4 Qc5 23. Qf2 Re8 24. e4 Ng4 25. Rd8 Qxf2+ 26. Bxf2 Rxd8 27. fxg4
Rd2 28. Kf1 Rxb2 29. a4 0-1

[Event "Condom op 10th"]
[Site "Condom"]
[Date "2010.??.??"]
[Round "4.14"]
[White "Choisy, Mathilde"]
[Black "Berthelot, Nathan"]
[Result "1-0"]
[WhiteElo "2168"]
[BlackElo "1911"]
[PlyCount "56"]
[EventDate "2010.07.??"]
[EventType "swiss"]
[EventRounds "9"]
[EventCountry "FRA"]
[WhiteTeamCountry "FRA"]
[BlackTeamCountry "FRA"]

1. e4 d6 2. d4 Nf6 3. Nc3 g6 4. Be3 c6 5. Qd2 b5 6. f3 Qa5 7. h4 Nbd7 8. Nge2
e5 9. g4 b4 10. Nd1 exd4 11. Nxd4 Ne5 12. Be2 d5 13. Nb3 Qc7 14. exd5 Nxd5 15.
Nf2 Bb7 16. O-O-O O-O-O 17. f4 Bh6 18. g5 Nxf4 19. Bxf4 Rxd2 20. Rxd2 Bg7 21.
Bg4+ Kb8 22. Nc5 Bc8 23. Re1 Re8 24. Rde2 Ka8 25. Bxc8 Qxc8 26. Bxe5 Qf5 27.
Nfd3 f6 28. Rf2 Rxe5 1-0

[Event "Condom op 10th"]
[Site "Condom"]
[Date "2010.??.??"]
[Round "6.11"]
[White "Choisy, Mathilde"]
[Black "Mesples, Jean Marc"]
[Result "1-0"]
[WhiteElo "2168"]
[BlackElo "1885"]
[PlyCount "81"]
[EventDate "2010.07.??"]
[EventType "swiss"]
[EventRounds "9"]
[EventCountry "FRA"]
[WhiteTeamCountry "FRA"]
[BlackTeamCountry "FRA"]

1. a3 d5 2. d3 c5 3. g3 Nc6 4. Bg2 Nf6 5. Nf3 Bg4 6. O-O e6 7. Nbd2 Be7 8. c3
Qc7 9. b4 cxb4 10. axb4 O-O 11. h3 Bh5 12. Bb2 a6 13. Qb3 Rac8 14. Rfb1 Qb6 15.
Ba3 Rfd8 16. b5 axb5 17. Bxe7 Nxe7 18. g4 Bg6 19. Ra3 Rc5 20. Nd4 e5 21. Nxb5
Rdc8 22. Na7 Qxb3 23. Nxb3 Rxc3 24. Nxc8 Rxc8 25. Ra7 Nc6 26. Rxb7 Nd8 27. Rb5
e4 28. Rc1 Ra8 29. dxe4 Bxe4 30. Bxe4 dxe4 31. Rbc5 Kf8 32. Rc8 Rxc8 33. Rxc8
Ke7 34. Nc5 Nd5 35. Nxe4 Nf4 36. e3 Nfe6 37. Nc5 Ng5 38. Kg2 f6 39. Rc7+ Kd6
40. Rd7+ Kxc5 41. Rxd8 1-0

[Event "LUCOPEN 01st Op"]
[Site "Lille"]
[Date "2010.??.??"]
[Round "4.22"]
[White "Cirrincione, Paze Paolo"]
[Black "Lesot, Jeremy"]
[Result "0-1"]
[WhiteElo "1785"]
[BlackElo "2061"]
[PlyCount "42"]
[EventDate "2010.04.??"]
[EventType "swiss"]
[EventRounds "7"]
[EventCountry "FRA"]
[WhiteTeamCountry "FRA"]
[BlackTeamCountry "FRA"]

1. d4 d6 2. Nf3 Nf6 3. Nc3 Nbd7 4. e4 e5 5. Bc4 Be7 6. Bg5 O-O 7. Qd2 c6 8.
Bxf6 Bxf6 9. O-O-O Nb6 10. Bb3 exd4 11. Nxd4 c5 12. Nf3 c4 13. e5 dxe5 14. Qxd8
Rxd8 15. Rxd8+ Bxd8 16. Ba4 Bf6 17. Re1 e4 18. Rxe4 Bf5 19. Re8+ Rxe8 20. Bxe8
Bxc3 21. bxc3 Kf8 0-1

[Event "LUCOPEN 01st Op"]
[Site "Lille"]
[Date "2010.??.??"]
[Round "4.53"]
[White "Combina, Alberto"]
[Black "Waquet, Frederic"]
[Result "0-1"]
[WhiteElo "1542"]
[BlackElo "1969"]
[PlyCount "46"]
[EventDate "2010.04.??"]
[EventType "swiss"]
[EventRounds "7"]
[EventCountry "FRA"]
[WhiteTeamCountry "FRA"]
[BlackTeamCountry "FRA"]

1. d4 Nf6 2. Nf3 c5 3. d5 b5 4. g3 Bb7 5. Qd3 c4 6. Qd1 Bxd5 7. Bg2 e6 8. O-O
Be7 9. Nc3 Bc6 10. Re1 O-O 11. e4 b4 12. e5 bxc3 13. exf6 Bxf6 14. b3 cxb3 15.
axb3 Qb6 16. Be3 Qb7 17. Bc5 Rc8 18. Bd6 Na6 19. Bf1 Nb4 20. Bxb4 Qxb4 21. Ne5
Bxe5 22. Rxe5 d6 23. Rea5 Qe4 0-1

[Event "GMI w Condom 2010"]
[Site "Condom"]
[Date "2010.??.??"]
[Round "5.3"]
[White "Congiu, Mathilde"]
[Black "Benmesbah, Natacha"]
[Result "1/2-1/2"]
[WhiteElo "2199"]
[BlackElo "2165"]
[PlyCount "22"]
[EventDate "2010.07.??"]
[EventType "tourn"]
[EventCountry "FRA"]
[WhiteTeamCountry "FRA"]
[BlackTeamCountry "FRA"]

1. e4 c5 2. c3 d5 3. exd5 Qxd5 4. d4 Nf6 5. Nf3 Bg4 6. Be2 Nc6 7. h3 Bh5 8. c4
Qd6 9. d5 Ne5 10. O-O Bxf3 11. Bxf3 Nxf3+ 1/2-1/2

[Event "GMI w Condom 2010"]
[Site "Condom"]
[Date "2010.??.??"]
[Round "3.4"]
[White "Congiu, Mathilde"]
[Black "Bissieres, Mathieu"]
[Result "0-1"]
[WhiteElo "2199"]
[BlackElo "2344"]
[PlyCount "100"]
[EventDate "2010.07.??"]
[EventType "tourn"]
[EventCountry "FRA"]
[WhiteTeamCountry "FRA"]
[BlackTeamCountry "FRA"]

1. e4 Nf6 2. Nc3 d5 3. exd5 Nxd5 4. Bc4 c6 5. Qf3 Nf6 6. h3 Nbd7 7. Bb3 Nc5 8.
Nge2 g6 9. O-O Bg7 10. d3 O-O 11. Re1 Nxb3 12. axb3 Nd5 13. Ra4 b5 14. Rh4 e5
15. g3 Bf6 16. Re4 Bf5 17. g4 Bxe4 18. Nxe4 Bg7 19. N2g3 h6 20. g5 hxg5 21.
Nxg5 Qd7 22. h4 f6 23. N5e4 Qh3 24. h5 gxh5 25. Qf5 Qxf5 26. Nxf5 Kf7 27. Kh2
Ne7 28. Ned6+ Ke6 29. Nxe7 Kxe7 30. Nf5+ Kf7 31. Rg1 Rg8 32. Be3 Bf8 33. Ra1
Ke6 34. Ng3 a5 35. f4 exf4 36. Bxf4 Rg4 37. Rf1 h4 38. Ne2 Be7 39. Kh3 Rag8 40.
Nd4+ Kd7 41. Nf5 Rg1 42. Rf2 Re1 43. Kxh4 Rgg1 44. Ng3 Bc5 45. Rh2 Bd6 46. Kg4
f5+ 47. Kf3 Rgf1+ 48. Rf2 Rxf2+ 49. Kxf2 Bxf4 50. Nh5 Bd2 0-1

[Event "GMI w Condom 2010"]
[Site "Condom"]
[Date "2010.??.??"]
[Round "1.1"]
[White "Congiu, Mathilde"]
[Black "Rubio Mejia, Luis Ignacio"]
[Result "1/2-1/2"]
[WhiteElo "2199"]
[BlackElo "2354"]
[PlyCount "146"]
[EventDate "2010.07.??"]
[EventType "tourn"]
[EventCountry "FRA"]
[WhiteTeamCountry "FRA"]
[BlackTeamCountry "FRA"]

1. e4 c5 2. Nf3 d6 3. Bb5+ Bd7 4. Bxd7+ Qxd7 5. O-O Nf6 6. Re1 Nc6 7. c3 e6 8.
d4 cxd4 9. cxd4 d5 10. e5 Ne4 11. Nbd2 Nxd2 12. Bxd2 Be7 13. Rc1 O-O 14. Rc3 h6
15. a3 f6 16. exf6 Rxf6 17. Rce3 Bd6 18. b4 Rc8 19. b5 Nd8 20. a4 Rf7 21. Rd3
Rc4 22. Rc3 Rxc3 23. Bxc3 Qc8 24. Qd3 Rc7 25. Bd2 Qd7 26. Qg6 Qf7 27. Qg4 Qf6
28. Ne5 Bxe5 29. dxe5 Qf8 30. Bxh6 Rc4 31. Qg3 Nf7 32. Bd2 Qc8 33. h4 Rc2 34.
Be3 Qc3 35. Rd1 Qxe5 36. Qg6 Rc4 37. h5 Qe4 38. Qg3 Qg4 39. Qxg4 Rxg4 40. Rc1
Nd6 41. Bc5 Nf5 42. Ra1 a6 43. bxa6 bxa6 44. a5 Rc4 45. Ba7 Nd6 46. Bb8 Nb7 47.
Ba7 Rc6 48. Bb6 Nd6 49. f4 Rc4 50. Rb1 Nb5 51. Re1 Rc6 52. f5 exf5 53. Re5 Rd6
54. Rxf5 d4 55. Rf2 Nc3 56. Rd2 d3 57. Be3 Ne4 58. Rd1 Rd5 59. h6 g5 60. g4 Nc3
61. Rd2 Kh7 62. Kg2 Kxh6 63. Kf3 Rd7 64. Rb2 Nb5 65. Ke4 Nc3+ 66. Kf3 Rf7+ 67.
Kg3 Nd5 68. Bd2 Rf6 69. Rb3 Nf4 70. Rb2 Ne2+ 71. Kg2 Nf4+ 72. Kg3 Kg6 73. Rb3
Ne2+ 1/2-1/2

[Event "GMI w Condom 2010"]
[Site "Condom"]
[Date "2010.??.??"]
[Round "9.1"]
[White "Congiu, Mathilde"]
[Black "Tournier, Mathieu"]
[Result "1/2-1/2"]
[WhiteElo "2199"]
[BlackElo "2281"]
[PlyCount "90"]
[EventDate "2010.07.??"]
[EventType "tourn"]
[EventCountry "FRA"]
[WhiteTeamCountry "FRA"]
[BlackTeamCountry "FRA"]

1. e4 e5 2. Nf3 Nc6 3. Bc4 Nf6 4. d3 Bc5 5. c3 O-O 6. O-O d6 7. Bb3 a6 8. Re1
Ba7 9. Nbd2 Ng4 10. Re2 Kh8 11. h3 Nh6 12. Nf1 f5 13. Bxh6 gxh6 14. exf5 Bxf5
15. Ng3 Bxh3 16. Re4 Bf5 17. Rh4 Bxd3 18. Rxh6 Bg6 19. Qd2 Qe7 20. Nh4 Kg7 21.
Rf1 Rf4 22. Qxf4 exf4 23. Ngf5+ Kf6 24. Nxe7 Nxe7 25. Nxg6 hxg6 26. Rh7 d5 27.
Re1 Bc5 28. Bd1 Bd6 29. Bf3 Rd8 30. Kf1 b5 31. Re2 a5 32. Ke1 b4 33. Kd2 Nf5
34. Bxd5 Bc5 35. c4 Nd4 36. Rf7+ Kg5 37. Re5+ Nf5 38. Ke1 Bd4 39. Re2 Rh8 40.
Kd1 Bb6 41. Be6 Rd8+ 42. Kc1 Re8 43. c5 Bxc5 44. Rxc7 Bd6 45. Rc4 f3 1/2-1/2

[Event "Open International d'Ambès 2010"]
[Site "Ambes"]
[Date "2010.??.??"]
[Round "7.5"]
[White "Constantin, Mathias"]
[Black "Galloux, Maxime"]
[Result "1/2-1/2"]
[WhiteElo "1818"]
[BlackElo "2021"]
[PlyCount "35"]
[EventDate "2010.04.??"]
[EventType "swiss"]
[EventRounds "9"]
[EventCountry "FRA"]
[WhiteTeamCountry "FRA"]
[BlackTeamCountry "FRA"]

1. d4 Nf6 2. c4 g6 3. Nc3 Bg7 4. Nf3 O-O 5. Bg5 d6 6. e3 h6 7. Bxf6 Bxf6 8. Qc2
Nc6 9. a3 e5 10. dxe5 Nxe5 11. Nxe5 Bxe5 12. Bd3 a6 13. O-O Re8 14. Rad1 c6 15.
b4 b5 16. a4 bxc4 17. Bxc4 d5 18. Bd3 1/2-1/2

[Event "Open International d'Ambès 2010"]
[Site "Ambes"]
[Date "2010.??.??"]
[Round "3.17"]
[White "Constantin, Mathias"]
[Black "Guenin, Pierre"]
[Result "1-0"]
[WhiteElo "1818"]
[BlackElo "1664"]
[PlyCount "65"]
[EventDate "2010.04.??"]
[EventType "swiss"]
[EventRounds "9"]
[EventCountry "FRA"]
[WhiteTeamCountry "FRA"]
[BlackTeamCountry "FRA"]

1. e4 c5 2. Nf3 d6 3. Nc3 Nf6 4. d4 cxd4 5. Nxd4 a6 6. Bd3 g6 7. h3 Bg7 8. Nf3
e5 9. Be3 Nc6 10. Qc1 Nb4 11. O-O Nxd3 12. cxd3 b5 13. Nd5 Nxd5 14. Qc6+ Bd7
15. Qxd5 Be6 16. Qc6+ Bd7 17. Qxd6 Qe7 18. Bc5 Qxd6 19. Bxd6 f6 20. Rac1 Rc8
21. Rxc8+ Bxc8 22. Rc1 Kd7 23. Bb8 Bh6 24. Rc7+ Ke6 25. d4 Bd7 26. d5+ Ke7 27.
Ba7 Rc8 28. Rxc8 Bxc8 29. Ne1 f5 30. f3 Kd6 31. Bb8+ Kc5 32. Bxe5 Be3+ 33. Kf1
1-0

[Event "Open International d'Ambès 2010"]
[Site "Ambes"]
[Date "2010.??.??"]
[Round "5.6"]
[White "Constantin, Mathias"]
[Black "Le Hetet, Nicolas"]
[Result "0-1"]
[WhiteElo "1818"]
[BlackElo "2149"]
[PlyCount "52"]
[EventDate "2010.04.??"]
[EventType "swiss"]
[EventRounds "9"]
[EventCountry "FRA"]
[WhiteTeamCountry "FRA"]
[BlackTeamCountry "FRA"]

1. e4 c5 2. Nf3 Nc6 3. d4 cxd4 4. Nxd4 e5 5. Nf3 Nf6 6. Bd3 d5 7. exd5 Nxd5 8.
O-O Be7 9. Re1 Bf6 10. Be4 Be6 11. Bd2 O-O 12. Nc3 Re8 13. Nxd5 Bxd5 14. Bc3
Bxe4 15. Rxe4 Qc7 16. Qe2 Re7 17. Rd1 g6 18. Ne1 Bg7 19. Qc4 Rc8 20. Nd3 h6 21.
Rde1 Kh7 22. Nb4 Nd4 23. Qd3 Rd7 24. Rd1 Rcd8 25. Bxd4 Rxd4 26. Rxd4 Rxd4 0-1

[Event "Condom op 10th"]
[Site "Condom"]
[Date "2010.??.??"]
[Round "5.2"]
[White "Cornette, Matthieu"]
[Black "Favarel, Antoine"]
[Result "1-0"]
[WhiteElo "2543"]
[BlackElo "2244"]
[PlyCount "51"]
[EventDate "2010.07.??"]
[EventType "swiss"]
[EventRounds "9"]
[EventCountry "FRA"]
[WhiteTeamCountry "FRA"]
[BlackTeamCountry "FRA"]

1. d4 d5 2. Nf3 Nf6 3. c4 dxc4 4. e3 Be6 5. Nc3 c6 6. Ng5 Bd5 7. e4 h6 8. exd5
hxg5 9. dxc6 Nxc6 10. d5 Ne5 11. Qd4 Nfd7 12. Bxg5 Qb6 13. Qxb6 Nxb6 14. Bf4
Nd3+ 15. Bxd3 cxd3 16. O-O-O O-O-O 17. Rxd3 Rh5 18. g4 Rh4 19. h3 g6 20. Kb1
Rd7 21. a4 Bg7 22. Rc1 Kd8 23. a5 Nc8 24. Nb5 a6 25. Bc7+ Rxc7 26. Nxc7 1-0

[Event "Condom op 10th"]
[Site "Condom"]
[Date "2010.??.??"]
[Round "3.2"]
[White "Cornette, Matthieu"]
[Black "Marciniak, Alexandre"]
[Result "1-0"]
[WhiteElo "2543"]
[BlackElo "2177"]
[PlyCount "45"]
[EventDate "2010.07.??"]
[EventType "swiss"]
[EventRounds "9"]
[EventCountry "FRA"]
[WhiteTeamCountry "FRA"]
[BlackTeamCountry "FRA"]

1. d4 d5 2. Nf3 Nf6 3. c4 c6 4. Nc3 dxc4 5. a4 Bf5 6. Nh4 e6 7. Nxf5 exf5 8. e3
Bb4 9. Bxc4 O-O 10. Qc2 g6 11. O-O Nbd7 12. f3 Nb6 13. Bb3 Rc8 14. a5 Nbd5 15.
e4 Nc7 16. Ne2 Nb5 17. Qc4 Bxa5 18. Bh6 Bb6 19. Bxf8 Qxf8 20. Kh1 fxe4 21. fxe4
Nd6 22. Qd3 Ndxe4 23. Nc3 1-0

[Event "Condom op 10th"]
[Site "Condom"]
[Date "2010.??.??"]
[Round "1.2"]
[White "Cornette, Matthieu"]
[Black "Tchefranoff, Stephane"]
[Result "1-0"]
[WhiteElo "2543"]
[BlackElo "1895"]
[PlyCount "41"]
[EventDate "2010.07.??"]
[EventType "swiss"]
[EventRounds "9"]
[EventCountry "FRA"]
[WhiteTeamCountry "FRA"]
[BlackTeamCountry "FRA"]

1. d4 d6 2. e4 e5 3. dxe5 dxe5 4. Qxd8+ Kxd8 5. Bc4 f6 6. f4 Bd6 7. fxe5 Bxe5
8. Nf3 Bd6 9. Nc3 c6 10. Be3 Bg4 11. O-O-O Kc7 12. Rd2 Bxf3 13. gxf3 Ne7 14.
Rxd6 Kxd6 15. Rd1+ Kc7 16. Bf4+ Kb6 17. Na4+ Ka5 18. Bd2+ Kxa4 19. b3+ Ka3 20.
Kb1 Nd5 21. exd5 1-0

[Event "Open International d'Ambès 2010"]
[Site "Ambes"]
[Date "2010.??.??"]
[Round "7.7"]
[White "Curely, Etienne"]
[Black "Basso, Pierre Yves"]
[Result "1-0"]
[WhiteElo "1793"]
[BlackElo "1972"]
[PlyCount "93"]
[EventDate "2010.04.??"]
[EventType "swiss"]
[EventRounds "9"]
[EventCountry "FRA"]
[WhiteTeamCountry "FRA"]
[BlackTeamCountry "FRA"]

1. e4 e6 2. d4 d5 3. exd5 exd5 4. Bd3 Nc6 5. c3 Bd6 6. Ne2 Nge7 7. Bf4 Bf5 8.
Qc2 Bxd3 9. Qxd3 a6 10. Nd2 Qd7 11. O-O O-O-O 12. b4 Bxf4 13. Nxf4 Qf5 14. Qg3
h5 15. Nf3 f6 16. Rfe1 h4 17. Nxh4 Rxh4 18. Ne6 Rd6 19. Qxh4 Rxe6 20. Qh8+ Nd8
21. Qxg7 Nec6 22. Rxe6 Nxe6 23. Qg8+ Kd7 24. Re1 Ncd8 25. h4 Qh5 26. g3 Qh6 27.
Qg4 Qd2 28. Re3 Qxa2 29. Qf5 Ke7 30. h5 Qa4 31. Qxd5 Qd1+ 32. Kg2 Qg4 33. f3
Qg7 34. Qf5 Kf7 35. d5 Nf8 36. Qc8 Qg5 37. f4 Qxd5+ 38. Kf2 Nfe6 39. h6 c5 40.
bxc5 Qc6 41. Qxc6 bxc6 42. f5 Nxc5 43. g4 Ncb7 44. Re2 a5 45. Ke3 a4 46. Kd4
c5+ 47. Kc4 1-0

[Event "Open International d'Ambès 2010"]
[Site "Ambes"]
[Date "2010.??.??"]
[Round "5.3"]
[White "Curely, Etienne"]
[Black "Favarel, Antoine"]
[Result "0-1"]
[WhiteElo "1793"]
[BlackElo "2231"]
[PlyCount "78"]
[EventDate "2010.04.??"]
[EventType "swiss"]
[EventRounds "9"]
[EventCountry "FRA"]
[WhiteTeamCountry "FRA"]
[BlackTeamCountry "FRA"]

1. e4 c5 2. Nf3 Nc6 3. d4 cxd4 4. Nxd4 Nf6 5. Nc3 e5 6. Ndb5 d6 7. Bg5 a6 8.
Na3 b5 9. Bxf6 gxf6 10. Nd5 Bg7 11. Qh5 Ne7 12. Bd3 f5 13. Qg5 Nxd5 14. Qxg7
Qf6 15. Qxf6 Nxf6 16. f3 fxe4 17. fxe4 Bb7 18. O-O-O Rg8 19. g3 Nxe4 20. Bxe4
Bxe4 21. Rhe1 d5 22. Nb1 f5 23. Nc3 O-O-O 24. Nxe4 dxe4 25. Rxd8+ Kxd8 26. Kd2
Ke7 27. Ke3 Rc8 28. Re2 h5 29. h3 Rg8 30. Kf2 Ke6 31. c3 Rd8 32. g4 hxg4 33.
hxg4 fxg4 34. Rxe4 Rd2+ 35. Kg3 Rxb2 36. a4 Kf5 37. Rxg4 Rg2+ 38. Kxg2 Kxg4 39.
axb5 axb5 0-1

[Event "Open International d'Ambès 2010"]
[Site "Ambes"]
[Date "2010.??.??"]
[Round "3.8"]
[White "Curely, Etienne"]
[Black "Ternault, Mathieu"]
[Result "1/2-1/2"]
[WhiteElo "1793"]
[BlackElo "1994"]
[PlyCount "109"]
[EventDate "2010.04.??"]
[EventType "swiss"]
[EventRounds "9"]
[EventCountry "FRA"]
[WhiteTeamCountry "FRA"]
[BlackTeamCountry "FRA"]

1. e4 e6 2. d4 d5 3. exd5 exd5 4. Bd3 Bd6 5. Ne2 Nc6 6. c3 Nge7 7. Qc2 Ng6 8.
Be3 Be6 9. Nd2 Qd7 10. a4 Nh4 11. g3 Ng2+ 12. Kd1 O-O-O 13. Rg1 Nxe3+ 14. fxe3
Rde8 15. Nf4 Kb8 16. Nxe6 Qxe6 17. Re1 Qh6 18. Nf1 Re7 19. a5 Nd8 20. Qb3 Qg5
21. a6 b6 22. Ra4 c6 23. Ra1 h5 24. h4 Qg4+ 25. Be2 Qg6 26. Qc2 Qf6 27. Bd3
Qf3+ 28. Qe2 Qf6 29. Qg2 g5 30. Re2 Rg8 31. Rf2 Qg7 32. hxg5 Qxg5 33. Rf5 Qg4+
34. Rf3 Ne6 35. Bf5 Qg7 36. Bxe6 fxe6 37. Qf2 e5 38. Rc1 e4 39. Rf5 Bxg3 40.
Nxg3 Qxg3 41. Qxg3+ Rxg3 42. Ke2 Rg2+ 43. Rf2 Rxf2+ 44. Kxf2 Rf7+ 45. Ke2 b5
46. Rh1 Rh7 47. b4 h4 48. Kf2 h3 49. Kg3 h2 50. Rxh2 Rxh2 51. Kxh2 Kc7 52. Kg3
Kb6 53. Kf4 Kxa6 54. Ke5 Kb6 55. Kd6 1/2-1/2

[Event "LUCOPEN 01st Op"]
[Site "Lille"]
[Date "2010.??.??"]
[Round "2.17"]
[White "Daels, Marc"]
[Black "Gilles, Jean Claude"]
[Result "1-0"]
[WhiteElo "2228"]
[BlackElo "1950"]
[PlyCount "61"]
[EventDate "2010.04.??"]
[EventType "swiss"]
[EventRounds "7"]
[EventCountry "FRA"]
[WhiteTeamCountry "FRA"]
[BlackTeamCountry "FRA"]

1. e4 Nf6 2. e5 Nd5 3. d4 d6 4. c4 Nb6 5. exd6 exd6 6. Nc3 Be7 7. Qf3 Nc6 8.
Be3 O-O 9. O-O-O Bg5 10. Bd3 f5 11. Nge2 Nb4 12. Bf4 Nxd3+ 13. Qxd3 Be6 14. b3
a5 15. Rhe1 a4 16. Qe3 Bxf4 17. Nxf4 Bd7 18. c5 Re8 19. Qd3 Nc8 20. bxa4 Qg5
21. g3 Ne7 22. Qc4+ Kf8 23. h4 Qh6 24. Kb2 d5 25. Ncxd5 Nxd5 26. Qxd5 Qc6 27.
Qxc6 bxc6 28. Rxe8+ Kxe8 29. Re1+ Kf7 30. Ka3 g6 31. Nd3 1-0

[Event "Condom op 10th"]
[Site "Condom"]
[Date "2010.??.??"]
[Round "6.1"]
[White "Daskevics, Vadims"]
[Black "Cornette, Matthieu"]
[Result "1/2-1/2"]
[WhiteElo "2414"]
[BlackElo "2543"]
[PlyCount "27"]
[EventDate "2010.07.??"]
[EventType "swiss"]
[EventRounds "9"]
[EventCountry "FRA"]
[WhiteTeamCountry "FRA"]
[BlackTeamCountry "FRA"]

1. Nf3 Nf6 2. c4 g6 3. Nc3 d5 4. cxd5 Nxd5 5. Qb3 Nb6 6. d4 Bg7 7. Bf4 O-O 8.
e3 Be6 9. Qc2 c6 10. Be2 Bf5 11. e4 Bg4 12. Ne5 Bxe2 13. Nxe2 N8d7 14. Nd3
1/2-1/2

[Event "Condom op 10th"]
[Site "Condom"]
[Date "2010.??.??"]
[Round "4.3"]
[White "Daskevics, Vadims"]
[Black "Preux, Paul Olivier"]
[Result "1-0"]
[WhiteElo "2414"]
[BlackElo "2301"]
[PlyCount "87"]
[EventDate "2010.07.??"]
[EventType "swiss"]
[EventRounds "9"]
[EventCountry "FRA"]
[WhiteTeamCountry "FRA"]
[BlackTeamCountry "FRA"]

1. Nf3 Nf6 2. c4 c5 3. Nc3 Nc6 4. g3 e6 5. Bg2 d5 6. cxd5 exd5 7. d4 Be7 8. O-O
O-O 9. Bg5 Bf5 10. dxc5 d4 11. Na4 Be4 12. b4 Qd5 13. Bd2 Ng4 14. Qb3 Qxb3 15.
axb3 a6 16. Ne1 Nf6 17. Nd3 Bxg2 18. Kxg2 Ne4 19. Rfd1 Rad8 20. Be1 Rfe8 21.
Rac1 Bf8 22. Kf1 Nf6 23. Nb6 g5 24. Nc4 Nd5 25. Na5 Nxa5 26. bxa5 Bg7 27. c6
bxc6 28. Rxc6 Re6 29. Rdc1 Nc3 30. Rxe6 fxe6 31. Bxc3 dxc3 32. Ke1 g4 33. Rc2
Rd5 34. b4 Rh5 35. e3 Rb5 36. Ke2 Kf7 37. Rc1 Bf6 38. Kd1 Rd5 39. Kc2 Rd6 40.
Rd1 Rc6 41. h3 h5 42. hxg4 hxg4 43. Rb1 Rc4 44. Nc5 1-0

[Event "2eme Open Tarn Nord"]
[Site "Blaye les Mines"]
[Date "2010.??.??"]
[Round "3.2"]
[White "De Biasi, Robert"]
[Black "Caron, Jean Marie"]
[Result "1/2-1/2"]
[WhiteElo "1844"]
[BlackElo "1938"]
[PlyCount "98"]
[EventDate "2006.??.??"]
[EventType "swiss"]
[EventRounds "7"]
[EventCountry "FRA"]
[WhiteTeamCountry "FRA"]
[BlackTeamCountry "FRA"]

1. c4 e5 2. Nc3 Nf6 3. g3 Bb4 4. Bg2 O-O 5. e3 Re8 6. Nge2 d6 7. a3 Ba5 8. b4
Bb6 9. Na4 c6 10. Nxb6 Qxb6 11. O-O Bf5 12. d4 Nbd7 13. c5 Qc7 14. Bb2 d5 15.
dxe5 Nxe5 16. Bxe5 Rxe5 17. Nd4 Be4 18. Nf3 Rh5 19. Nh4 Bxg2 20. Nxg2 Qd7 21.
Nf4 Rh6 22. Qf3 Ng4 23. h4 Ne5 24. Qg2 f6 25. Rad1 g5 26. Nxd5 cxd5 27. Rxd5
Qe6 28. Rfd1 gxh4 29. Rd8+ Rxd8 30. Rxd8+ Kf7 31. Qxb7+ Kg6 32. Qe4+ f5 33. Qf4
Nf7 34. Rg8+ Kf6 35. gxh4 Rg6+ 36. Rxg6+ hxg6 37. Qc7 Qe7 38. Qc6+ Kg7 39. Qd5
Qxh4 40. c6 Qe7 41. Qd4+ Kg8 42. Qc5 Qc7 43. Qd5 Kg7 44. Qd4+ Kf8 45. Qf6 Qd6
46. Qc3 Qd1+ 47. Kg2 Qg4+ 48. Kf1 Qh3+ 49. Ke1 Qh1+ 1/2-1/2

[Event "2eme Open Tarn Nord"]
[Site "Blaye les Mines"]
[Date "2010.??.??"]
[Round "5.6"]
[White "De Biasi, Robert"]
[Black "Masot, Liberto"]
[Result "0-1"]
[WhiteElo "1844"]
[BlackElo "1728"]
[PlyCount "52"]
[EventDate "2006.??.??"]
[EventType "swiss"]
[EventRounds "7"]
[EventCountry "FRA"]
[WhiteTeamCountry "FRA"]
[BlackTeamCountry "FRA"]

1. e4 d5 2. exd5 Qxd5 3. Nc3 Qd6 4. d4 Nf6 5. Nf3 a6 6. h3 b5 7. a3 Bb7 8. Be3
Nbd7 9. Bd3 e5 10. dxe5 Nxe5 11. Nxe5 Qxe5 12. O-O Bd6 13. g3 Qe6 14. Kh2 O-O-O
15. Re1 h5 16. Bg5 Qd7 17. h4 Ng4+ 18. Kg1 f6 19. Bf4 Bxf4 20. gxf4 f5 21. Qd2
Qc6 22. Bxf5+ Kb8 23. Be4 Rxd2 24. Bxc6 Bxc6 25. Re2 Rxe2 26. Nxe2 Rd8 0-1

[Event "LUCOPEN 01st Op"]
[Site "Lille"]
[Date "2010.??.??"]
[Round "4.3"]
[White "Degraeve, Jean Marc"]
[Black "Vernay, Clovis"]
[Result "1/2-1/2"]
[WhiteElo "2563"]
[BlackElo "2440"]
[PlyCount "34"]
[EventDate "2010.04.??"]
[EventType "swiss"]
[EventRounds "7"]
[EventCountry "FRA"]
[WhiteTeamCountry "FRA"]
[BlackTeamCountry "FRA"]

1. e4 e6 2. d4 d5 3. e5 c5 4. c3 Nc6 5. Nf3 Qb6 6. a3 f6 7. exf6 Nxf6 8. Bd3
Bd6 9. O-O O-O 10. Re1 Bd7 11. b4 c4 12. Bc2 a5 13. b5 Qxb5 14. Ne5 Be8 15. Ng4
Bd7 16. Ne5 Be8 17. Ng4 Bd7 1/2-1/2

[Event "Championnat de Ligue Individuel"]
[Site "Vendin les Bethune"]
[Date "2010.??.??"]
[Round "6.8"]
[White "Delassus, Sebastien"]
[Black "Delboe, Charles"]
[Result "1/2-1/2"]
[WhiteElo "1720"]
[BlackElo "1833"]
[PlyCount "83"]
[EventDate "2008.??.??"]
[EventType "swiss"]
[EventRounds "7"]
[EventCountry "FRA"]
[WhiteTeamCountry "FRA"]
[BlackTeamCountry "FRA"]

1. d4 e6 2. c4 Nf6 3. Nc3 Bb4 4. e3 b6 5. Nf3 Bb7 6. Be2 Ne4 7. Qc2 f5 8. Bd2
Bxc3 9. Bxc3 d6 10. b3 Nd7 11. Qb2 Nxc3 12. Qxc3 Nf6 13. Nd2 Qe7 14. f3 g5 15.
Rg1 h5 16. Bd3 d5 17. Rc1 c6 18. c5 Qc7 19. g3 h4 20. Rg2 hxg3 21. hxg3 O-O-O
22. Be2 Rh3 23. Kf2 Rf8 24. f4 Kb8 25. Rcg1 Ne4+ 26. Nxe4 fxe4 27. Ke1 gxf4 28.
gxf4 Qxf4 29. exf4 Rxc3 30. Rg8 Rc8 31. Rxc8+ Bxc8 32. Rg8 Kc7 33. Rg7+ Bd7 34.
Bg4 Rg3 35. Kf2 Rxg4 36. Rxg4 e5 37. Rg7 exf4 38. cxb6+ axb6 39. Rf7 f3 40. b4
Kd6 41. Ke3 Bc8 42. a4 1/2-1/2